书目信息 |
| 题名: |
郑州市郑东新区城市规划与建筑设计(2001~2009)
|
|
| 作者: | 李克 主编 ;郑州市郑东新区管委会 , 郑州市城市规划局 编著 | |
| 分册: | 05 郑东新区规划调整与发展篇 | |
| 出版信息: | 北京 中国建筑工业出版社 2010 |
|
| 页数: | 224页 | |
| 开本: | 28cm | |
| 丛书名: | ||
| 单 册: | ||
| 中图分类: | TU984.261 | |
| 科图分类: | ||
| 主题词: | 城市规划--建筑设计--郑州--2001-2009--图集 | |
| 电子资源: | ||
| ISBN: | 978-7-112-11058-2 | |
| 000 | 01486nam0 2200253 450 | |
| 001 | 0100003913 | |
| 005 | 20180426152247.28 | |
| 010 | @a978-7-112-11058-2@dCNY198.00 | |
| 100 | @a20101211d2010 em y0chiy50 ea | |
| 101 | 0 | @achi@eeng |
| 102 | @aCN@b110000 | |
| 105 | @ay z 000yy | |
| 200 | 1 | @a郑州市郑东新区城市规划与建筑设计(2001~2009)@h05@i郑东新区规划调整与发展篇@d= Urban planning and architectural designs for Zhengdong new district of Zhengzhou (2001-2009)@h05@iThe development and partial adjustments to the master plan of Zhengdong new district@f李克主编@g郑州市郑东新区管理委员会,郑州市城市规划局编著@zeng@Azheng zhou shi zheng dong xin qu cheng shi gui hua yu jian zhu she ji (2001~2009) |
| 210 | @a北京@c中国建筑工业出版社@d2010 | |
| 215 | @a224页@d28cm | |
| 330 | @a本书共分四部分,包括郑州综合交通枢纽地区规划设计、国家郑州经济技术开发区规划设计、郑汴一体化产业带规划设计、郑州航空港总体规划等。 | |
| 510 | 1 | @aUrban planning and architectural designs for Zhengdong new district of Zhengzhou (2001-2009)@h05@iThe development and partial adjustments to the master plan of Zhengdong new district@zeng |
| 606 | 0 | @a城市规划@x建筑设计@y郑州@z2001-2009@j图集 |
| 690 | @aTU984.261@v4 | |
| 701 | 0 | @a李克@f(1956~)@4主编@Ali ke |
| 712 | 02 | @a郑州市郑东新区管委会@4编著@Azheng zhou shi zheng dong xin qu guan wei hui |
| 712 | 02 | @a郑州市城市规划局@4编著@Azheng zhou shi cheng shi gui hua ju |
| 801 | 0 | @aCN@c20150830 |
| 905 | @a河南城建学院图书馆@dTU984.261@eL191:5 | |
| 郑州市郑东新区城市规划与建筑设计(2001~2009).05.郑东新区规划调整与发展篇= Urban planning and architectural designs for Zhengdong new district of Zhengzhou (2001-2009).05.The development and partial adjustments to the master plan of Zhengdong new district/李克主编/郑州市郑东新区管理委员会,郑州市城市规划局编著.-北京:中国建筑工业出版社,2010 |
| 224页;28cm |
| ISBN 978-7-112-11058-2:CNY198.00 |
| 本书共分四部分,包括郑州综合交通枢纽地区规划设计、国家郑州经济技术开发区规划设计、郑汴一体化产业带规划设计、郑州航空港总体规划等。 |
| ● |
| 相关链接 |
|
|
|
正题名:郑州市郑东新区城市规划与建筑设计(2001~2
索取号:TU984.261/L191:5
 
预约/预借
| 序号 | 登录号 | 条形码 | 馆藏地/架位号 | 状态 | 备注 |
| 1 | 1226626 | 212266260 | 建筑库201/201建筑库 96排2列2层/ [索取号:TU984.261/L191:5] | 在馆 | |
| 2 | 1299067 | 212990673 | 建筑与城市规划学院资料室/ [索取号:TU984.261/L191:5] | 在馆 |